Loading...
| Science - Biology | 0 | 9 | 3 | 0 | 75 | 16 | 67.44 | 6 | 7 |
| Science - Chemistry | 0 | 9 | 4 | 0 | 70 | 26 | 62.56 | 4 | 9 |
| Art - Music/Opera | 0 | 6 | 0 | 1 | 60 | 69 | 100.50 | 1 | 5 |
| Science - Physics | 0 | 7 | 4 | 0 | 50 | 32 | 78.86 | 0 | 5 |
| Science - Astronomy | 0 | 4 | 0 | 0 | 40 | 24 | 56.75 | 3 | 4 |
| Art - Other | 0 | 3 | 0 | 0 | 30 | 86 | 104.67 | 0 | 2 |
| History - American | 0 | 2 | 0 | 0 | 20 | 56 | 81.50 | 0 | 2 |
| Current Events/Modern World - Rest of world political | 0 | 1 | 0 | 1 | 10 | 145 | 145.00 | 0 | 0 |
| Science - Compsci | 0 | 1 | 0 | 0 | 10 | 108 | 108.00 | 0 | 0 |
| Philosophy - Medieval | 0 | 1 | 0 | 0 | 10 | 59 | 59.00 | 0 | 1 |
| Religion - Christianity/Judaism | 0 | 1 | 0 | 0 | 10 | 104 | 104.00 | 0 | 1 |
| Religion - Hinduism | 0 | 1 | 0 | 0 | 10 | 92 | 92.00 | 0 | 1 |
| Science - Engineering | 0 | 1 | 0 | 0 | 10 | 53 | 53.00 | 0 | 1 |
| Science - Other | 0 | 1 | 0 | 0 | 10 | 87 | 87.00 | 0 | 0 |
| Science - Other/CL/Misc | 0 | 1 | 0 | 0 | 10 | 106 | 106.00 | 0 | 0 |
| Social Science - Economics | 0 | 1 | 0 | 0 | 10 | 111 | 111.00 | 0 | 0 |
| Science - Earth | 0 | 1 | 1 | 0 | 5 | 58 | 58.00 | 0 | 1 |
| Social Science - Psychology | 0 | 1 | 1 | 0 | 5 | 51 | 51.00 | 1 | 1 |
| Philosophy - Mixed/Any | 0 | 0 | 0 | 0 | 0 | 0.00 | 0 | 0 | |
| Social Science - Sociology | 0 | 0 | 1 | 0 | -5 | 0.00 | 0 | 0 | |
| Religion - Mixed/Any | 0 | 0 | 1 | 0 | -5 | 0.00 | 0 | 0 | |
| History - Other | 0 | 0 | 1 | 0 | -5 | 0.00 | 0 | 0 | |
| Social Science - Law | 0 | 0 | 1 | 0 | -5 | 0.00 | 0 | 0 |